000 00331nam a2200133Ia 4500
005 20260328101446.0
008 260328s9999||||xx |||||||||||||| ||und||
100 _aTaylor, John F.A.
245 0 _aDesign and Expression in the Visual Arts /
_cJohn F.A. Taylor
260 _bDover
300 _a245 p.
650 _aARTE
942 _cBK
999 _c8483
_d8483